| 000 | 02470nam0a2200397 4500 | ||
|---|---|---|---|
| 001 | RU\NLR\bibl\1819493 | ||
| 005 | 20260408050430.0 | ||
| 010 |
_a978-5-91818-154-6 _9100 |
||
| 021 |
_aRU _b2011-70840 _95017 |
||
| 035 | _a(nilc)RSL-KNO-005022260 | ||
| 035 | _a(NLR Aleph) 001810060 | ||
| 090 |
_a1858850 _c1858850 |
||
| 100 | _a20111012d2011 |||y0rusy50 ca | ||
| 101 | 0 |
_arus _deng |
|
| 102 | _aRU | ||
| 105 | _aa ||||||||| | ||
| 200 | 1 |
_aСовременные проблемы теоретической и экспериментальной химии _eмежвузовский сборник научных трудов [VII Всероссийской конференции молодых ученых], июнь 2011 года _f[редкол.: О. В. Федотова (отв. ред.) и др.] |
|
| 210 |
_aСаратов _cКУБиК _d2011 |
||
| 215 |
_a292, [1] с. _cил., табл. _d21 |
||
| 300 | _aВ надзаг.: М-во образования и науки Российской Федерации, ФГБОУ ВПО "Саратовский гос. ун-т им. Н. Г. Чернышевского", РХО им. Д. И. Менделеева, Саратовское региональное отд-ние, Российская акад. естественных наук, Саратовское региональное отд-ние | ||
| 300 | _aРез. на англ. яз. | ||
| 320 | _aБиблиогр. в конце ст. | ||
| 606 | 1 |
_aХимия _jСъезды, совещания и т.п. _9898913 _3RU\NLR\auth\666296 |
|
| 686 |
_aГ.я431(2) _2rubbk |
||
| 686 |
_aЛ10я431(2) _2rubbk |
||
| 686 | _aГ.я431(2)3 | ||
| 702 | 1 |
_4340 _7ca _8rus _aФедотова _bО. В. _cд-р хим. наук _gОльга Васильевна _918090 _3RU\NLR\auth\7735091 |
|
| 711 | 1 | 2 |
_a"Современные проблемы теоретической и экспериментальной химии", всероссийская конференция молодых ученых с международным участием _d8 _eСаратов _f2011 _9280430 _3RU\NLR\AUTH\8810195577 |
| 712 | 0 | 2 |
_4570 _aСаратовский государственный университет им. Н. Г. Чернышевского _9373195 _3RU\NLR\AUTH\889939158 |
| 801 | 0 |
_aRU _bРГБ _c20110913 _grcr |
|
| 801 | 1 |
_aRU _bРГБ _c20110913 |
|
| 801 | 2 |
_aRU _bNLR _c20111012 _grcr |
|
| 942 | _cBOOK | ||
| 980 | _aNB | ||
| 980 | _aNBR | ||